Statistics for Leaves Quiz

Click here to take the quiz!

General Stats

  • This quiz has been taken 9 times
  • The average score is 9 of 15

Answer Stats

Answer% Correct
Maple
100%
Oak
86%
Pine
86%
Palm
86%
Lettuce
86%
Birch
71%
Banana
71%
Mint
71%
Basil
57%
Fern
57%
Clover
43%
Beech
29%
Cedar
29%
Poplar
14%
Virginia Creeper
14%

Score Distribution

Percentile by Number Answered

Percent of People with Each Score

Your Score History

You have not taken this quiz